00302 2200121 4500001002100000005001500021035002400036090001000060245006200070260001900132300001800151990001100169YOGYA00000000005769620140823064612 0010-081400000057413 a300.7 asoal dan cara penyelesaian skalu tahun 1977cDrs. yahya E as.ibs.nc1977 a118hlm.c20cm a9752-p